000 00301nam a22001457a 4500
008 221011b ||||| |||| 00| 0 eng d
020 _a9780975044506
041 _aeng
080 _a61
082 _a61
100 _a5
101 _aMJEK
245 _aNURSE MANAGERS
_cANDREW C
942 _2udc
_cBK
999 _c58482
_d58482